• 首页
  • 本馆介绍
  • 公告通知
  • 最新文献
  • 馆藏检索
  • 电子资源
  • 读者导购
  • 参考咨询
  • 我的图书馆
  • 登录
  • 详细信息显示
  • 放入我的书架
  • 预约/预借图书
  • 作者相关作品
  • 分类相关作品
  • 丛书相关作品
  • 出版社相关作品

书目信息

  • 表格格式
  • 工作单格式
  • 卡片格式
题名:
海底探险
    
 
作者: 范艺 编著
分册:  
出版信息: 天津   天津科学技术出版社  1981.2
页数: 185页
开本: 20cm
丛书名:
单 册:
中图分类: N51
科图分类:
主题词: 自然科学--丛书 , 自然科学--多卷书
电子资源:
ISBN:
000 00572nam0 2200217 45
001 0312221749
005 20040519091641.0
010    @dCNY0.56
091    @a13212.28
100    @a20031222d1981 km y0chiy0120 ea
101    @achi
105    @a z 000yy
200 1  @a海底探险@AHai Di Tan Xian@f范艺等编著@FFan Yi Deng Bian Zhu
210    @a天津@c天津科学技术出版社@d1981.2
215    @a185页@d20cm
606 0  @a自然科学@x丛书
606 0  @a自然科学@x多卷书
690    @aN51@v3
701 0  @a范艺@4编著
801    @aCN@bTSTCL@c20031222
905    @dN51@e106@f4@b82653-656
    
    海底探险/范艺等编著.-天津:天津科学技术出版社,1981.2
    185页;20cm
    
    
    ISBN :CNY0.56
    
●
相关链接 在E读中查询图书 在五车中查询图书 在当当中查询图书 在豆瓣中查询图书


正题名:海底探险     索取号:N51/106         预约/预借

序号 登录号 条形码 馆藏地/架位号 状态 备注
1 0082653   001201899   第三借阅区/ [索取号:N51/106] 在馆    
2 0082654   001201906   第三借阅区/ [索取号:N51/106] 在馆    
3 0082655   000568950   第三借阅区/ [索取号:N51/106] 在馆    
4 0082656   001201853   第三借阅区/ [索取号:N51/106] 在馆    
5 0082657   000568941   第二样本阅览室/ [索取号:N51/106] 在馆    
唐山师范学院图书馆 欢迎您!
大连网信软件有限公司© 版权所有